000 00646nam a2200229Ia 4500
003 OSt
005 20220918184057.0
006 a|||||r|||| 00| 0
007 ta
008 220917b |||||||| |||| 00| 0 eng d
024 _a44,322
037 _cTextual
040 _aARTS
_cARTS
_beng
041 _2eng
_aeng
082 _aO164:vJ0, 111F0 (TTP)
100 _aBrowne Edward G
_943430
245 0 _aHistory of Persian literature under Tartar dominion (A.D. 1265-1502)
260 _c1920
650 _aPERSIAN LITERATURE
_9309
942 _hO164:vJ0, 111F0 (TTP)
_cTEXL
_2CC
999 _c175027
_d175027